Movies Quiz

Random Movies or Director Quiz

Kennedy Center Honors meets Oscar Quiz Stats

 Plays Quiz not verified by Sporcle

Score 0/88 Timer 10:00
0 Plays Today
Category Recipient % Correct
ActingBarbra Streisand
95.7%
ActingDustin Hoffman
95.7%
ActingMeryl Streep
94.3%
ActingGregory Peck
92.2%
ActingJulie Andrews
92.2%
ActingJack Nicholson
91.5%
DirectingSteven Spielberg
91.5%
ActingTom Hanks
91.5%
DirectingClint Eastwood
90.8%
ActingMorgan Freeman
90.1%
ActingCharlton Heston
88.7%
ActingPaul Newman
88.7%
ActingKatharine Hepburn
87.9%
DirectingMike Nichols
87.9%
ActingRobert De Niro
87.2%
ActingFrank Sinatra
86.5%
ScreenwritingTennessee Williams
86.5%
ActingJessica Tandy
86.5%
DirectingRobert Redford
85.8%
Music and/or SongJohn Williams
85.8%
ActingShirley MacLaine
85.8%
ActingBette Davis
85.1%
DirectingMartin Scorsese
85.1%
ActingHenry Fonda
83.7%
ActingElizabeth Taylor
82.3%
ActingJack Lemmon
82.3%
ActingJames Stewart
82.3%
Music and/or SongElton John
81.6%
ActingSidney Poitier
80.9%
Music and/or SongDolly Parton
80.1%
Category Recipient % Correct
DirectingWarren Beatty
80.1%
ActingOprah Winfrey
80.1%
ActingSean Connery
80.1%
Music and/or SongBruce Springsteen
78.7%
ActingJames Cagney
78.7%
ActingJames Earl Jones
78.7%
Music and/or SongQuincy Jones
78%
DirectingElia Kazan
78%
ActingAngela Lansbury
75.2%
ActingClaudette Colbert
75.2%
ActingDiana Ross
75.2%
Music and/or SongPaul McCartney
75.2%
ScreenwritingMel Brooks
74.5%
DirectingBilly Wilder
74.5%
ActingKirk Douglas
72.3%
ActingFred Astaire
70.9%
ActingGene Kelly
70.9%
Music and/or SongPete Townshend
70.9%
ScreenwritingNeil Simon
68.8%
ActingGinger Rogers
68.1%
Music and/or SongPaul Simon
68.1%
Music and/or SongRichard Rogers
68.1%
ActingJoanne Woodward
68.1%
ActingGeorge Burns
66.7%
ScreenwritingArthur Miller
66%
Music and/or SongAndrew Lloyd Webber
64.5%
ActingLauren Bacall
63.8%
ActingRuby Dee
63.8%
ActingHelen Hayes
62.4%
ActingLily Tomlin
59.6%
Category Recipient % Correct
Music and/or SongBob Dylan
56.7%
ActingJulie Harris
55.3%
ActingJason Robards
53.9%
DirectingJerome Robbins
53.9%
Music and/or SongStephen Sondheim
52.5%
ActingCary Grant
49.6%
ScreenwritingAlan Jay Lerner
46.8%
Music and/or SongStevie Wonder
46.1%
Music and/or SongFred Ebb
45.4%
Music and/or SongWillie Nelson
43.3%
Music and/or SongJohn Kander
41.8%
Music and/or SongFrederick Loewe
40.4%
ActingMikhail Baryshnikov
37.6%
ScreenwritingAdolph Green
33.3%
ActingLillian Gish
33.3%
Music and/or SongLeonard Bernstein
33.3%
ActingHume Cronyn
31.9%
ActingRobert Shaw
31.9%
ScreenwritingBetty Comden
31.2%
ActingIrene Dunne
26.2%
ActingLynn Fontanne
26.2%
Music and/or SongSting
25.5%
Music and/or SongHerbie Hancock
22%
Music and/or SongAaron Copland
21.3%
Music and/or SongJule Styne
18.4%
Music and/or SongAndré Previn
14.2%
Music and/or SongGian Carlo Menotti
14.2%
ScreenwritingGeorge Abbott
13.5%

You're not logged in!

Compare scores with friends on all Sporcle quizzes.
OR
Log In

Sporcle TV

Today on Sporcle TV


Watch our educational content, quiz creation guides, and fun videos on Sporcle TV.

Show Comments

Extras

Top Quizzes Today


Score Distribution

Your Account Isn't Verified!

In order to create a playlist on Sporcle, you need to verify the email address you used during registration. Go to your Sporcle Settings to finish the process.

Report this User

Report this user for behavior that violates our Community Guidelines.

Details: